Central Library OPAC University of Rajshahi

Aid or stagnation : (Record no. 5561)

MARC details
000 -LEADER
fixed length control field 00961nam a2200265 a 4500
001 - CONTROL NUMBER
control field 5561
003 - CONTROL NUMBER IDENTIFIER
rucl marc code BD-RjUL
005 - DATE AND TIME OF LATEST TRANSACTION
control field 20211208234104.0
008 - FIXED-LENGTH DATA ELEMENTS--GENERAL INFORMATION
fixed length control field 131226s1982 bg b 001 0 eng
035 ## - SYSTEM CONTROL NUMBER
System control number (BD-RjUL)
040 ## - CATALOGING SOURCE
Original cataloging agency DLC
Transcribing agency DLC
Modifying agency DLC
Language of cataloging eng
041 ## - LANGUAGE CODE
Language code of text/sound track or separate title eng
082 ## - DEWEY DECIMAL CLASSIFICATION NUMBER
Edition number 22
Classification number 355.0325491
Author mark and year SAA 1982
100 1# - MAIN ENTRY--PERSONAL NAME
Personal name Sattar, Mohammad A.
9 (RLIN) 17428
245 10 - TITLE STATEMENT
Title Aid or stagnation :
Remainder of title an economic analysis of U.S. aid to Pakistan /
Statement of responsibility, etc. Mohammad A. Sattar.
260 ## - PUBLICATION, DISTRIBUTION, ETC. (IMPRINT)
Place of publication, distribution, etc. Dacca, Bangladesh :
Name of publisher, distributor, etc. University Press,
Date of publication, distribution, etc. 1982.
300 ## - PHYSICAL DESCRIPTION
Pagination 133 p. ;
Size 22 cm.
500 ## - GENERAL NOTE
General note Based on the author's thesis (Ph. D.--Tufts University, 1969) under title: United States aid and Pakistan's economic development.
504 ## - BIBLIOGRAPHY, ETC. NOTE
Bibliography, etc Includes bibliographical references and index.
650 #0 - SUBJECT ADDED ENTRY--TOPICAL TERM
Topical term or geographic name as entry element Economic assistance, American
Geographic subdivision Pakistan.
9 (RLIN) 17429
Topical term or geographic name as entry element Military assistance, American
Geographic subdivision Pakistan.
9 (RLIN) 17430
942 ## - ADDED ENTRY ELEMENTS (KOHA)
Source of classification or shelving scheme Dewey Decimal Classification
Koha item type Books
Holdings
Lost status Source of classification or shelving scheme Damaged status Not for loan Collection code Permanent Location Current Location Shelving location Date acquired Source of acquisition Cost, normal purchase price Total Checkouts Full call number Date last seen Copy number Koha item type
  Dewey Decimal Classification   Not For Loan Non-fiction Central Library, University of Rajshahi Central Library, University of Rajshahi   27/07/1983 Alighlip 75.00   355.0325491 SAA 1982 26/12/2013 C-1 Books
  Dewey Decimal Classification     Non-fiction Central Library, University of Rajshahi Central Library, University of Rajshahi   27/07/1983 Aligor Library, Rajshahi 75.00   355.0325491 SAA 1982 26/07/2016 C-2 Books
  Dewey Decimal Classification     Non-fiction Central Library, University of Rajshahi Central Library, University of Rajshahi   27/07/1983 Aligor Library, Rajshahi 75.00   355.0325491 SAA 1982 26/07/2016 C-3 Books
  Dewey Decimal Classification     Non-fiction Central Library, University of Rajshahi Central Library, University of Rajshahi   27/07/1983 Aligor Library, Rajshahi 75.00   355.0325491 SAA 1982 26/07/2016 C-4 Books
  Dewey Decimal Classification     Non-fiction Central Library, University of Rajshahi Central Library, University of Rajshahi   27/07/1983 U.P. Dacca 75.00   355.0325491 SAA 1982 26/07/2016 C-5 Books
  Dewey Decimal Classification     Non-fiction Central Library, University of Rajshahi Central Library, University of Rajshahi   27/07/1983 Aligor Library, Rajshahi 75.00   355.0325491 SAA 1982 26/07/2016 C-6 Books
  Dewey Decimal Classification     Non-fiction Central Library, University of Rajshahi Central Library, University of Rajshahi   27/07/1983 Aligor Library, Rajshahi 75.00   355.0325491 SAA 1982 26/07/2016 C-7 Books
  Dewey Decimal Classification     Non-fiction Central Library, University of Rajshahi Central Library, University of Rajshahi   27/07/1983 Aligor Library, Rajshahi 75.00   355.0325491 SAA 1982 26/07/2016 C-8 Books
  Dewey Decimal Classification     Non-fiction Central Library, University of Rajshahi Central Library, University of Rajshahi   27/07/1983 Aligor Library, Rajshahi 75.00   355.0325491 SAA 1982 26/07/2016 C-9 Books
  Dewey Decimal Classification     Non-fiction Central Library, University of Rajshahi Central Library, University of Rajshahi   27/07/1983 Aligor Library, Rajshahi 75.00   355.0325491 SAA 1982 26/07/2016 C-10 Books